[Event "Jeunes Espoirs"]
[Site "Montreal CAN"]
[Date "2013.06.23"]
[Round "4"]
[White "Nikulich, Oleksandr"]
[Black "Zhu, Hong Rui"]
[Result "1-0"]
[WhiteElo "1929"]
[BlackElo "2034"]
[PlyCount "75"]
[GameId "2160767909339325"]
[EventDate "2013.06.21"]
[EventType "tourn"]
[EventRounds "10"]
[EventCountry "CAN"]
[SourceTitle "EXT 2022"]
[Source "ChessBase"]
[SourceDate "2021.10.06"]
[SourceVersion "1"]
[SourceVersionDate "2021.10.06"]
[SourceQuality "1"]

1. Nf3 c5 2. c4 Nc6 3. Nc3 e5 4. g3 g6 5. Bg2 Bg7 6. O-O Nge7 7. d3 d6 8. Ne1 O-O 9. Nc2 Be6 10. Rb1 a5 11. Ne3 Rb8 12. a3 Qd7 13. Re1 h5 14. Bd2 b6 15. Ned5 Bxd5 16. Nxd5 Nxd5 17. Bxd5 Ne7 18. Bg2 a4 19. b3 axb3 20. Qxb3 Kh7 21. Bc3 h4 22. Rb2 Bh6 23. Reb1 f5 24. gxh4 f4 25. f3 Nf5 26. Be1 Qe7 27. Qa4 Nxh4 28. Bxh4 Qxh4 29. Qd7+ Kh8 30. Qxd6 Bg7 31. Rxb6 Rxb6 32. Qxb6 Kh7 33. Qxc5 Rf5 34. Qf2 Qd8 35. Rb7 Kh6 36. Kf1 Rh5 37. Qa7 Qf6 38. Rf7 1-0

[Event "Jeunes Espoirs"]
[Site "Montreal CAN"]
[Date "2013.06.23"]
[Round "5"]
[White "Lopez Linares, Lizandro"]
[Black "Nikulich, Oleksandr"]
[Result "1-0"]
[WhiteElo "2020"]
[BlackElo "1929"]
[PlyCount "117"]
[GameId "2160767909339326"]
[EventDate "2013.06.21"]
[EventType "tourn"]
[EventRounds "10"]
[EventCountry "CAN"]
[SourceTitle "EXT 2022"]
[Source "ChessBase"]
[SourceDate "2021.10.06"]
[SourceVersion "1"]
[SourceVersionDate "2021.10.06"]
[SourceQuality "1"]

1. d4 d5 2. c4 e6 3. Nc3 Nf6 4. Bg5 Be7 5. Nf3 O-O 6. e3 Nbd7 7. Rc1 c6 8. Bd3 dxc4 9. Bxc4 Nd5 10. Bxe7 Qxe7 11. O-O Nxc3 12. Rxc3 e5 13. Bb3 exd4 14. exd4 Nb6 15. Re1 Qd6 16. Ne5 Nd5 17. Rg3 Be6 18. Qf3 Ne7 19. Qc3 Bxb3 20. Qxb3 Qc7 21. Rge3 Nd5 22. Re4 Rae8 23. Nf3 Rxe4 24. Rxe4 Rd8 25. h3 h6 26. Qc2 Nf4 27. Qc5 b6 28. Qe7 Qxe7 29. Rxe7 a5 30. Re4 Ne6 31. Kf1 Rd5 32. Ke2 Ng5 33. Re8+ Kh7 34. Nxg5+ Rxg5 35. g3 Rd5 36. Rb8 b5 37. Ke3 Kg6 38. Rb6 Rd6 39. b3 Kf6 40. Ra6 Ke6 41. Rxa5 Kd5 42. a4 Re6+ 43. Kd3 Re4 44. axb5 Rxd4+ 45. Kc3 Rd1 46. bxc6+ Kxc6 47. Ra7 Rc1+ 48. Kd2 Rh1 49. Rxf7 Rxh3 50. Rxg7 Rh5 51. Kc3 Rf5 52. f4 Rf6 53. Kc4 Kb6 54. Kd5 h5 55. Ke5 Rc6 56. f5 Rc3 57. f6 Rxb3 58. f7 Rf3 59. Rg6+ 1-0

[Event "Jeunes Espoirs"]
[Site "Montreal CAN"]
[Date "2013.06.23"]
[Round "5"]
[White "Sprumont, Oscar"]
[Black "Luo, Zhao Yang"]
[Result "1/2-1/2"]
[WhiteElo "1955"]
[BlackElo "1962"]
[PlyCount "33"]
[GameId "2160767909339327"]
[EventDate "2013.06.21"]
[EventType "tourn"]
[EventRounds "10"]
[EventCountry "CAN"]
[SourceTitle "EXT 2022"]
[Source "ChessBase"]
[SourceDate "2021.10.06"]
[SourceVersion "1"]
[SourceVersionDate "2021.10.06"]
[SourceQuality "1"]

1. Nf3 d5 2. c4 c6 3. g3 Bg4 4. Bg2 e6 5. O-O Nd7 6. d3 Ngf6 7. Nc3 Be7 8. Rb1 dxc4 9. dxc4 Qa5 10. h3 Bxf3 11. Bxf3 Nb6 12. a3 Nxc4 13. b4 Qc7 14. Qb3 Nb6 15. b5 c5 16. Bf4 Qc8 17. Ne4 1/2-1/2

[Event "Jeunes Espoirs"]
[Site "Montreal CAN"]
[Date "2013.06.28"]
[Round "6"]
[White "Lopez Linares, Lizandro"]
[Black "Zhu, Hong Rui"]
[Result "1/2-1/2"]
[WhiteElo "2020"]
[BlackElo "2034"]
[PlyCount "126"]
[GameId "2160767909339329"]
[EventDate "2013.06.21"]
[EventType "tourn"]
[EventRounds "10"]
[EventCountry "CAN"]
[SourceTitle "EXT 2022"]
[Source "ChessBase"]
[SourceDate "2021.10.06"]
[SourceVersion "1"]
[SourceVersionDate "2021.10.06"]
[SourceQuality "1"]

1. d4 d5 2. Nf3 Nf6 3. c4 e6 4. Nc3 Be7 5. Bg5 O-O 6. e3 Nbd7 7. Rc1 a6 8. cxd5 exd5 9. Bd3 c6 10. Qc2 Re8 11. O-O Nf8 12. h3 Bd6 13. e4 dxe4 14. Nxe4 Be7 15. Be3 Nd5 16. Bd2 Ng6 17. a3 Bd6 18. Rfe1 Bf4 19. Nc5 Rf8 20. b4 Qf6 21. Ne4 Qd8 22. Nc5 Bxd2 23. Qxd2 Nh4 24. Be4 Nxf3+ 25. Bxf3 Nf6 26. Re5 a5 27. bxa5 Qxa5 28. Qxa5 Rxa5 29. Nxb7 Rxe5 30. dxe5 Bxb7 31. exf6 gxf6 32. Rb1 Ba6 33. Rb6 Bb5 34. Bxc6 Bxc6 35. Rxc6 Ra8 36. Rc3 Kg7 37. Kf1 Kg6 38. Ke2 h5 39. Kd2 h4 40. Rf3 f5 41. Kc2 Kg5 42. Kb3 f4 43. a4 Kf5 44. g3 hxg3 45. fxg3 Rg8 46. Rxf4+ Ke5 47. Rg4 Rb8+ 48. Kc4 f5 49. Rg6 Rh8 50. h4 f4 51. gxf4+ Kxf4 52. Rd6 Rh5 53. Rd4+ Ke3 54. Rd3+ Ke4 55. Rh3 Ke5 56. Kb5 Kd4+ 57. Kc6 Kc4 58. a5 Rxa5 59. h5 Ra6+ 60. Kd7 Kd5 61. h6 Ra7+ 62. Ke8 Ke6 63. Kf8 Kf6 1/2-1/2

[Event "Jeunes Espoirs"]
[Site "Montreal CAN"]
[Date "2013.06.28"]
[Round "6"]
[White "Sprumont, Oscar"]
[Black "Nikulich, Oleksandr"]
[Result "0-1"]
[WhiteElo "1955"]
[BlackElo "1929"]
[PlyCount "64"]
[GameId "2160767909339330"]
[EventDate "2013.06.21"]
[EventType "tourn"]
[EventRounds "10"]
[EventCountry "CAN"]
[SourceTitle "EXT 2022"]
[Source "ChessBase"]
[SourceDate "2021.10.06"]
[SourceVersion "1"]
[SourceVersionDate "2021.10.06"]
[SourceQuality "1"]

1. e4 e5 2. Nf3 Nc6 3. Bc4 Bc5 4. c3 Nf6 5. b4 Be7 6. d3 O-O 7. O-O d5 8. exd5 Nxd5 9. Re1 Bf6 10. Qb3 Be6 11. a4 Qd7 12. Bg5 Rfe8 13. Bxf6 Nxf6 14. Bxe6 Rxe6 15. b5 Na5 16. Qb4 b6 17. Nxe5 Qe8 18. f4 c5 19. bxc6 Nxc6 20. Qb2 Nxe5 21. fxe5 Rxe5 22. Rxe5 Qxe5 23. Qd2 Rc8 24. Ra2 Nd5 25. d4 Qe4 26. Rb2 Nf4 27. Rc2 Rc6 28. c4 Rg6 29. Nc3 Rxg2+ 30. Qxg2 Qxd4+ 31. Kh1 Nxg2 32. Kxg2 Qd3 0-1

[Event "Jeunes Espoirs"]
[Site "Montreal CAN"]
[Date "2013.06.29"]
[Round "7"]
[White "Nikulich, Oleksandr"]
[Black "Luo, Zhao Yang"]
[Result "1-0"]
[WhiteElo "1929"]
[BlackElo "1962"]
[PlyCount "67"]
[GameId "2160767909339332"]
[EventDate "2013.06.21"]
[EventType "tourn"]
[EventRounds "10"]
[EventCountry "CAN"]
[SourceTitle "EXT 2022"]
[Source "ChessBase"]
[SourceDate "2021.10.06"]
[SourceVersion "1"]
[SourceVersionDate "2021.10.06"]
[SourceQuality "1"]

1. Nf3 d5 2. c4 c5 3. cxd5 Qxd5 4. Nc3 Qd8 5. d4 cxd4 6. Qxd4 Bd7 7. Ne5 Nc6 8. Qxd7+ Qxd7 9. Nxd7 Kxd7 10. Bf4 Rd8 11. O-O-O+ Kc8 12. Rxd8+ Kxd8 13. e4 e5 14. Be3 Nf6 15. Bb5 Nd4 16. Rd1 Bc5 17. f4 Kc8 18. fxe5 Nxb5 19. Bxc5 Nxc3 20. bxc3 Nxe4 21. Bd4 Re8 22. Re1 Nd6 23. Rf1 Nc4 24. Rxf7 Nxe5 25. Rxg7 h6 26. Bxa7 Nc4 27. Kc2 Na5 28. Bb6 Re2+ 29. Kd3 Rxa2 30. Rc7+ Kb8 31. Rh7 Kc8 32. Bxa5 Rxa5 33. Rxh6 Rg5 34. g3 1-0

[Event "Jeunes Espoirs"]
[Site "Montreal CAN"]
[Date "2013.06.29"]
[Round "7"]
[White "Zhu, Hong Rui"]
[Black "Sprumont, Oscar"]
[Result "1-0"]
[WhiteElo "2034"]
[BlackElo "1955"]
[PlyCount "87"]
[GameId "2160767909339333"]
[EventDate "2013.06.21"]
[EventType "tourn"]
[EventRounds "10"]
[EventCountry "CAN"]
[SourceTitle "EXT 2022"]
[Source "ChessBase"]
[SourceDate "2021.10.06"]
[SourceVersion "1"]
[SourceVersionDate "2021.10.06"]
[SourceQuality "1"]

1. e4 e6 2. d4 d5 3. e5 c5 4. c3 Nc6 5. Nf3 Nh6 6. Bd3 Nf5 7. Bxf5 exf5 8. Be3 cxd4 9. cxd4 Be6 10. Qb3 Qd7 11. Nc3 Be7 12. Rc1 O-O 13. h4 f6 14. Bf4 Rac8 15. g3 Bd8 16. O-O g5 17. hxg5 fxg5 18. Bxg5 Bxg5 19. Nxg5 Nxd4 20. Qd1 Nc6 21. Nxe6 Qxe6 22. Qxd5 Qxd5 23. Nxd5 Rcd8 24. Rc5 Kh8 25. f4 Nd4 26. Nf6 Ne6 27. Rd5 Rxd5 28. Nxd5 Rd8 29. Ne3 Nd4 30. Rd1 Ne2+ 31. Kf2 Rxd1 32. Nxd1 Nd4 33. Ne3 Kg7 34. Nc4 Kf7 35. Ke3 Nc2+ 36. Kd2 Nd4 37. Kd3 Nc6 38. Nd6+ Ke6 39. Nxb7 Nb4+ 40. Kc4 Nc2 41. Nc5+ Ke7 42. Kd3 Nb4+ 43. Ke3 Nxa2 44. Nd3 1-0

[Event "Jeunes Espoirs"]
[Site "Montreal CAN"]
[Date "2013.06.29"]
[Round "8"]
[White "Luo, Zhao Yang"]
[Black "Zhu, Hong Rui"]
[Result "1-0"]
[WhiteElo "1962"]
[BlackElo "2034"]
[PlyCount "81"]
[GameId "2160767909339335"]
[EventDate "2013.06.21"]
[EventType "tourn"]
[EventRounds "10"]
[EventCountry "CAN"]
[SourceTitle "EXT 2022"]
[Source "ChessBase"]
[SourceDate "2021.10.06"]
[SourceVersion "1"]
[SourceVersionDate "2021.10.06"]
[SourceQuality "1"]

1. d4 d5 2. Nf3 Nf6 3. e3 Bf5 4. Be2 e6 5. c4 Be7 6. Nc3 c6 7. Nh4 Bg6 8. O-O Nbd7 9. cxd5 exd5 10. Bf3 Bd6 11. g3 O-O 12. Nxg6 hxg6 13. Rb1 a5 14. a3 Re8 15. Qc2 Qc7 16. Bd2 Nb6 17. Be2 Ne4 18. b4 Nd7 19. Nxe4 Rxe4 20. bxa5 Nf6 21. Qb3 Re7 22. Rfc1 Ne4 23. Be1 Rxa5 24. Bxa5 Qxa5 25. Qb6 Qd2 26. Re1 Nc3 27. Qd8+ Kh7 28. Qxd6 Nxb1 29. Rxb1 Re6 30. Qf4 Qxe2 31. Rxb7 Rf6 32. Qh4+ Qh5 33. Qxh5+ gxh5 34. a4 Re6 35. Rxf7 c5 36. dxc5 Rc6 37. Rf5 Rxc5 38. Rxh5+ Kg6 39. Rh4 Kf5 40. Rf4+ Ke5 41. h4 1-0

[Event "Jeunes Espoirs"]
[Site "Montreal CAN"]
[Date "2013.06.29"]
[Round "8"]
[White "Sprumont, Oscar"]
[Black "Lopez Linares, Lizandro"]
[Result "0-1"]
[WhiteElo "1955"]
[BlackElo "2020"]
[PlyCount "90"]
[GameId "2160767909339336"]
[EventDate "2013.06.21"]
[EventType "tourn"]
[EventRounds "10"]
[EventCountry "CAN"]
[SourceTitle "EXT 2022"]
[Source "ChessBase"]
[SourceDate "2021.10.06"]
[SourceVersion "1"]
[SourceVersionDate "2021.10.06"]
[SourceQuality "1"]

1. Nf3 Nf6 2. c4 e6 3. g3 d5 4. Bg2 Be7 5. O-O O-O 6. b3 c6 7. Bb2 Nbd7 8. e3 b6 9. Nc3 Bb7 10. Qe2 Re8 11. Rfd1 Bf8 12. d4 Bb4 13. Rac1 Qe7 14. Rc2 Ba6 15. Ne5 Rac8 16. Qf3 Nxe5 17. dxe5 Nd7 18. Ne2 dxc4 19. bxc4 Bb7 20. Nf4 Nf8 21. Qg4 Red8 22. Rcc1 Ba3 23. Qe2 Bxb2 24. Qxb2 Rxd1+ 25. Rxd1 Rd8 26. Nd3 c5 27. f3 Qc7 28. Kf2 Ng6 29. Ke2 Ba6 30. Qc3 h5 31. Bh3 b5 32. cxb5 Bxb5 33. f4 Ne7 34. Kf2 Bxd3 35. Rxd3 Rxd3 36. Qxd3 Qa5 37. a3 Nd5 38. Bf1 Nc3 39. Qa6 Nd1+ 40. Kf3 Qd2 41. Qd3 Qf2+ 42. Ke4 Qe1 43. Qd8+ Kh7 44. Kd3 Qxf1+ 45. Kd2 Nf2 0-1

[Event "Jeunes Espoirs"]
[Site "Montreal CAN"]
[Date "2013.06.30"]
[Round "9"]
[White "Lopez Linares, Lizandro"]
[Black "Luo, Zhao Yang"]
[Result "1/2-1/2"]
[WhiteElo "2020"]
[BlackElo "1962"]
[PlyCount "55"]
[GameId "2160767909339337"]
[EventDate "2013.06.21"]
[EventType "tourn"]
[EventRounds "10"]
[EventCountry "CAN"]
[SourceTitle "EXT 2022"]
[Source "ChessBase"]
[SourceDate "2021.10.06"]
[SourceVersion "1"]
[SourceVersionDate "2021.10.06"]
[SourceQuality "1"]

1. d4 Nf6 2. Nf3 g6 3. c4 Bg7 4. Nc3 O-O 5. e4 d6 6. Be2 e5 7. O-O Nc6 8. d5 Ne7 9. b4 Nd7 10. c5 b6 11. cxd6 cxd6 12. Nd2 f5 13. Nc4 Nf6 14. f3 Bb7 15. Be3 Rc8 16. Qb3 Qd7 17. a4 Rc7 18. Nb5 fxe4 19. fxe4 Nxe4 20. Nxc7 Qxc7 21. Rfd1 Kh8 22. Rac1 Qd7 23. Nb2 Nf6 24. Bb5 Qg4 25. Bc6 Bc8 26. Nd3 Nf5 27. Nf2 Qh5 28. Rc4 1/2-1/2

[Event "Jeunes Espoirs"]
[Site "Montreal CAN"]
[Date "2013.06.30"]
[Round "9"]
[White "Zhu, Hong Rui"]
[Black "Nikulich, Oleksandr"]
[Result "1/2-1/2"]
[WhiteElo "2034"]
[BlackElo "1929"]
[PlyCount "85"]
[GameId "2160767909339339"]
[EventDate "2013.06.21"]
[EventType "tourn"]
[EventRounds "10"]
[EventCountry "CAN"]
[SourceTitle "EXT 2022"]
[Source "ChessBase"]
[SourceDate "2021.10.06"]
[SourceVersion "1"]
[SourceVersionDate "2021.10.06"]
[SourceQuality "1"]

1. e4 e5 2. Nf3 Nc6 3. d4 exd4 4. Bc4 Bc5 5. c3 Nf6 6. cxd4 Bb4+ 7. Bd2 Bxd2+ 8. Nbxd2 d5 9. exd5 Nxd5 10. Qb3 Na5 11. Qa4+ Nc6 12. Qb3 Na5 13. Qa4+ Nc6 14. Ne5 O-O 15. Ndf3 Nb6 16. Qb3 Nxc4 17. Qxc4 Be6 18. Qc3 Bd5 19. O-O Qf6 20. Nd7 Qf4 21. Nxf8 Bxf3 22. Qxf3 Qxf3 23. gxf3 Kxf8 24. Rfd1 Rd8 25. d5 Ne7 26. Rac1 Rxd5 27. Rxd5 Nxd5 28. Rc5 c6 29. a3 Ke7 30. Kf1 Kd6 31. Rc4 b5 32. Rg4 g6 33. Re4 Kd7 34. Re1 Nb6 35. b4 Nc4 36. Ra1 a5 37. bxa5 Nxa5 38. Ke2 Nc4 39. a4 bxa4 40. Rxa4 Nd6 41. h4 h5 42. Ke3 Ke6 43. Re4+ 1/2-1/2

[Event "Jeunes Espoirs"]
[Site "Montreal CAN"]
[Date "2013.06.30"]
[Round "10"]
[White "Luo, Zhao Yang"]
[Black "Sprumont, Oscar"]
[Result "1/2-1/2"]
[WhiteElo "1962"]
[BlackElo "1955"]
[PlyCount "44"]
[GameId "2160767909339341"]
[EventDate "2013.06.21"]
[EventType "tourn"]
[EventRounds "10"]
[EventCountry "CAN"]
[SourceTitle "EXT 2022"]
[Source "ChessBase"]
[SourceDate "2021.10.06"]
[SourceVersion "1"]
[SourceVersionDate "2021.10.06"]
[SourceQuality "1"]

1. d4 Nf6 2. Nf3 c5 3. e3 g6 4. Be2 Bg7 5. O-O O-O 6. c4 cxd4 7. exd4 d5 8. Ne5 dxc4 9. Bxc4 Nc6 10. Nxc6 bxc6 11. Nc3 Nd5 12. Be3 Be6 13. Qe2 Nxc3 14. bxc3 Bxc4 15. Qxc4 Qd5 16. Qa4 e5 17. Rfd1 exd4 18. Bxd4 Qb5 19. Qc2 Rfd8 20. Bxg7 Kxg7 21. Rab1 Qa6 22. h3 Kg8 1/2-1/2

[Event "Jeunes Espoirs"]
[Site "Montreal CAN"]
[Date "2013.06.30"]
[Round "10"]
[White "Nikulich, Oleksandr"]
[Black "Lopez Linares, Lizandro"]
[Result "1/2-1/2"]
[WhiteElo "1929"]
[BlackElo "2020"]
[PlyCount "30"]
[GameId "2160767909339342"]
[EventDate "2013.06.21"]
[EventType "tourn"]
[EventRounds "10"]
[EventCountry "CAN"]
[SourceTitle "EXT 2022"]
[Source "ChessBase"]
[SourceDate "2021.10.06"]
[SourceVersion "1"]
[SourceVersionDate "2021.10.06"]
[SourceQuality "1"]

1. Nf3 Nf6 2. c4 e6 3. b3 d5 4. Bb2 Be7 5. g3 O-O 6. Bg2 Nbd7 7. O-O Re8 8. d4 c6 9. Nbd2 a5 10. Re1 a4 11. Bc3 a3 12. e4 dxe4 13. Ne5 Qc7 14. Nxe4 h6 15. b4 Rd8 1/2-1/2

[Event "Kitchener Winter op"]
[Site "Kitchener CAN"]
[Date "2013.03.09"]
[Round "1"]
[White "Bao, Tony Bohan"]
[Black "Cormier, Adam"]
[Result "0-1"]
[WhiteElo "1981"]
[BlackElo "2250"]
[PlyCount "54"]
[GameId "2160767909373126"]
[EventDate "2013.03.09"]
[EventType "swiss"]
[EventRounds "5"]
[EventCountry "CAN"]
[SourceTitle "EXT 2015"]
[Source "ChessBase"]
[SourceDate "2014.11.20"]
[SourceVersion "1"]
[SourceVersionDate "2014.11.20"]
[SourceQuality "1"]

1. Nf3 c5 2. c4 Nf6 3. Nc3 g6 4. g3 Bg7 5. Bg2 O-O 6. O-O d5 7. cxd5 Nxd5 8. Nxd5 Qxd5 9. d3 Nc6 10. a3 Qd6 11. Qc2 e5 12. Be3 b6 13. Rfc1 Bb7 14. Nd2 Rac8 15. Qa4 f5 16. Nc4 Qe7 17. Rab1 f4 18. Bd2 fxg3 19. fxg3 Nd4 20. Qd1 e4 21. e3 exd3 22. exd4 Bxd4+ 23. Kh1 Bxg2+ 24. Kxg2 Rf2+ 25. Kh3 Qe6+ 26. g4 Qe4 27. Qh1 Rf3+ 0-1

[Event "Kitchener Winter op"]
[Site "Kitchener CAN"]
[Date "2013.03.09"]
[Round "1"]
[White "Cheng, Bindi"]
[Black "Ferreira, Alex"]
[Result "1-0"]
[WhiteElo "2517"]
[BlackElo "2178"]
[PlyCount "111"]
[GameId "2160767909373127"]
[EventDate "2013.03.09"]
[EventType "swiss"]
[EventRounds "5"]
[EventCountry "CAN"]
[SourceTitle "EXT 2015"]
[Source "ChessBase"]
[SourceDate "2014.11.20"]
[SourceVersion "1"]
[SourceVersionDate "2014.11.20"]
[SourceQuality "1"]

1. d4 d5 2. Nf3 Nf6 3. c4 c6 4. e3 Bf5 5. Nc3 e6 6. Nh4 Bg6 7. Be2 Bd6 8. Qb3 Qb6 9. c5 Qxb3 10. axb3 Bc7 11. Nxg6 hxg6 12. f4 Nbd7 13. b4 Ne4 14. Nxe4 dxe4 15. h3 Nf6 16. b5 Kd7 17. Bd2 Nd5 18. O-O f5 19. Ra3 a6 20. Rfa1 g5 21. fxg5 e5 22. dxe5 Bxe5 23. R1a2 cxb5 24. Bxb5+ axb5 25. Rxa8 Rxa8 26. Rxa8 Bxb2 27. h4 f4 28. exf4 e3 29. Bxe3 Nxe3 30. h5 Bd4 31. Kf2 b4 32. Ke2 Nxg2 33. Kd3 Bc3 34. Ke4 Kc6 35. Ra2 Nxf4 36. Kxf4 Kxc5 37. Rc2 Kc4 38. h6 gxh6 39. gxh6 Kd3 40. Rg2 Bh8 41. Rg8 b3 42. Rd8+ Kc2 43. Rc8+ Kd2 44. Rxh8 b2 45. Rd8+ Ke2 46. h7 b1=Q 47. h8=Q Qc1+ 48. Kf5 Qc2+ 49. Ke6 Qc4+ 50. Rd5 Qg4+ 51. Ke7 Qb4+ 52. Rd6 b5 53. Qe5+ Kf3 54. Qd5+ Kg3 55. Qd3+ Kg2 56. Qd2+ 1-0

[Event "Kitchener Winter op"]
[Site "Kitchener CAN"]
[Date "2013.03.09"]
[Round "1"]
[White "McTavish, Dale"]
[Black "Sambuev, Bator"]
[Result "0-1"]
[WhiteElo "2144"]
[BlackElo "2696"]
[PlyCount "60"]
[GameId "2160767909373128"]
[EventDate "2013.03.09"]
[EventType "swiss"]
[EventRounds "5"]
[EventCountry "CAN"]
[SourceTitle "EXT 2015"]
[Source "ChessBase"]
[SourceDate "2014.11.20"]
[SourceVersion "1"]
[SourceVersionDate "2014.11.20"]
[SourceQuality "1"]

1. d4 d5 2. c4 e6 3. Nc3 c6 4. Nf3 dxc4 5. a4 Bb4 6. g3 b5 7. Bg2 Bb7 8. O-O a6 9. e4 Ne7 10. h4 Nd7 11. h5 h6 12. Bf4 Nb6 13. Qe2 O-O 14. Rfd1 Bxc3 15. bxc3 Nxa4 16. Rxa4 bxa4 17. Ne5 a5 18. Qxc4 Ba6 19. Qxa4 Be2 20. Rc1 Qc8 21. Qa2 Bxh5 22. g4 Bg6 23. Nxg6 Nxg6 24. Bd6 e5 25. Rb1 Qd7 26. Bxf8 Rxf8 27. dxe5 Qxg4 28. f3 Qg5 29. e6 fxe6 30. Qxe6+ Kh7 0-1

[Event "Kitchener Winter op"]
[Site "Kitchener CAN"]
[Date "2013.03.09"]
[Round "1"]
[White "Semianiuk, Konstantin"]
[Black "Zybura, Andre"]
[Result "1-0"]
[WhiteElo "2283"]
[BlackElo "2048"]
[PlyCount "43"]
[GameId "2160767909373130"]
[EventDate "2013.03.09"]
[EventType "swiss"]
[EventRounds "5"]
[EventCountry "CAN"]
[SourceTitle "EXT 2015"]
[Source "ChessBase"]
[SourceDate "2014.11.20"]
[SourceVersion "1"]
[SourceVersionDate "2014.11.20"]
[SourceQuality "1"]

1. e4 e5 2. Nf3 Nf6 3. Nxe5 Nxe4 4. Qe2 Qe7 5. Qxe4 d6 6. d4 dxe5 7. dxe5 Nc6 8. Bb5 Bd7 9. O-O Qb4 10. c4 a6 11. Bxc6 Bxc6 12. Rd1 f6 13. Bd2 Qa4 14. Qf5 Qa3 15. exf6 gxf6 16. Bc3 Bd6 17. Qc2 Rg8 18. g3 Be5 19. Bxe5 fxe5 20. Qxh7 Bd5 21. Rxd5 Rg5 22. Qe7+ 1-0

[Event "Kitchener Winter op"]
[Site "Kitchener CAN"]
[Date "2013.03.09"]
[Round "1"]
[White "Zhong, Joey"]
[Black "Jung, Hans"]
[Result "0-1"]
[WhiteElo "2047"]
[BlackElo "2278"]
[PlyCount "60"]
[GameId "2160767909373132"]
[EventDate "2013.03.09"]
[EventType "swiss"]
[EventRounds "5"]
[EventCountry "CAN"]
[SourceTitle "EXT 2015"]
[Source "ChessBase"]
[SourceDate "2014.11.20"]
[SourceVersion "1"]
[SourceVersionDate "2014.11.20"]
[SourceQuality "1"]

1. d4 d5 2. c4 c6 3. Nf3 Nf6 4. Nc3 dxc4 5. a4 g6 6. e3 Be6 7. Ne5 Bg7 8. Bxc4 Bxc4 9. Nxc4 O-O 10. O-O Qc7 11. Qf3 Nbd7 12. e4 e5 13. Nxe5 Nxe5 14. dxe5 Qxe5 15. Bf4 Qa5 16. Bd6 Rfe8 17. Rfd1 Rad8 18. e5 Nd7 19. b4 Nxe5 20. Qh3 Qb6 21. a5 Qa6 22. Ne4 Nc4 23. Be7 Rd4 24. Rxd4 Bxd4 25. Qd7 Rxe7 26. Qxe7 Bxa1 27. Ng5 Ne5 28. f4 Qe2 29. Qd8+ Kg7 30. h3 Qe3+ 0-1

[Event "Kitchener Winter op"]
[Site "Kitchener CAN"]
[Date "2013.03.09"]
[Round "2"]
[White "Cormier, Adam"]
[Black "Knox, Christopher"]
[Result "0-1"]
[WhiteElo "2250"]
[BlackElo "2310"]
[PlyCount "70"]
[GameId "2160767909373133"]
[EventDate "2013.03.09"]
[EventType "swiss"]
[EventRounds "5"]
[EventCountry "CAN"]
[SourceTitle "EXT 2015"]
[Source "ChessBase"]
[SourceDate "2014.11.20"]
[SourceVersion "1"]
[SourceVersionDate "2014.11.20"]
[SourceQuality "1"]

1. d4 Nf6 2. c4 e6 3. g3 d5 4. Bg2 Be7 5. Nf3 c6 6. O-O O-O 7. b3 Nbd7 8. Qc2 b6 9. Nbd2 Bb7 10. Rd1 Qc8 11. e4 Rd8 12. e5 Ne8 13. Bb2 Nc7 14. Rac1 c5 15. Ba3 a5 16. h4 a4 17. Ng5 g6 18. f4 axb3 19. Qxb3 Bc6 20. Rf1 Qa6 21. Nb1 h6 22. Nf3 dxc4 23. Qc2 Nd5 24. Rfe1 b5 25. h5 Kg7 26. hxg6 fxg6 27. dxc5 b4 28. Bh3 Bxc5+ 29. Kh2 bxa3 30. Bxe6 Ne3 31. Rxe3 Bxe3 32. Nh4 Nf8 33. f5 Rab8 34. f6+ Kh7 35. Nxa3 Rd2+ 0-1

[Event "Kitchener Winter op"]
[Site "Kitchener CAN"]
[Date "2013.03.09"]
[Round "2"]
[White "Demmery, Steve"]
[Black "Derraugh, Geordie"]
[Result "0-1"]
[WhiteElo "2103"]
[BlackElo "2245"]
[PlyCount "94"]
[GameId "2160767909373134"]
[EventDate "2013.03.09"]
[EventType "swiss"]
[EventRounds "5"]
[EventCountry "CAN"]
[SourceTitle "EXT 2015"]
[Source "ChessBase"]
[SourceDate "2014.11.20"]
[SourceVersion "1"]
[SourceVersionDate "2014.11.20"]
[SourceQuality "1"]

1. Nf3 Nf6 2. g3 g6 3. b3 Bg7 4. Bb2 O-O 5. c4 c5 6. Bg2 Nc6 7. O-O d6 8. d3 Bd7 9. Nbd2 h6 10. Qc2 e5 11. Rad1 Qe7 12. e3 Bf5 13. a3 g5 14. Qc3 Ne8 15. Qc2 Bg6 16. Ne4 f5 17. Nc3 Qd7 18. Nd5 Ne7 19. d4 Nxd5 20. cxd5 cxd4 21. exd4 e4 22. Ne1 Rc8 23. Qd2 Qb5 24. f3 Qxb3 25. fxe4 fxe4 26. Rxf8+ Bxf8 27. Bh3 Rc7 28. Be6+ Bf7 29. Rc1 Rxc1 30. Bxf7+ Kxf7 31. Qxc1 Qxd5 32. Ng2 Bg7 33. Qc3 Qc6 34. Qa5 Qc2 35. Qb4 Qd1+ 36. Kf2 Qf3+ 37. Kg1 b6 38. Qa4 Nf6 39. Ne1 Qe2 40. Bc3 Qe3+ 41. Kf1 Qxc3 42. Qxa7+ Kg8 43. Qxb6 Qxa3 44. Qb8+ Kh7 45. Qc8 Kg6 46. Qe6 Qb4 47. Nc2 Qb5+ 0-1

[Event "Kitchener Winter op"]
[Site "Kitchener CAN"]
[Date "2013.03.09"]
[Round "2"]
[White "Ferreira, Alex"]
[Black "Bao, Tony Bohan"]
[Result "1-0"]
[WhiteElo "2178"]
[BlackElo "1981"]
[PlyCount "51"]
[GameId "2160767909373135"]
[EventDate "2013.03.09"]
[EventType "swiss"]
[EventRounds "5"]
[EventCountry "CAN"]
[SourceTitle "EXT 2015"]
[Source "ChessBase"]
[SourceDate "2014.11.20"]
[SourceVersion "1"]
[SourceVersionDate "2014.11.20"]
[SourceQuality "1"]

1. e4 c5 2. Nf3 d6 3. d4 cxd4 4. Nxd4 Nf6 5. Nc3 a6 6. a4 e5 7. Nf3 Be7 8. Bc4 Qc7 9. Qe2 Nbd7 10. O-O O-O 11. Kh1 b6 12. Nh4 Bb7 13. Nf5 Nc5 14. Nxe7+ Qxe7 15. Bg5 h6 16. Bxf6 Qxf6 17. Bd5 Qe7 18. f4 Ne6 19. fxe5 Nd4 20. exd6 Qxd6 21. Qf2 Nc6 22. Qxb6 Rab8 23. Qf2 Nd8 24. Rad1 Qb4 25. Bb3 Bxe4 26. Rd4 1-0

[Event "Kitchener Winter op"]
[Site "Kitchener CAN"]
[Date "2013.03.09"]
[Round "2"]
[White "Jung, Hans"]
[Black "Cheng, Bindi"]
[Result "0-1"]
[WhiteElo "2278"]
[BlackElo "2517"]
[PlyCount "52"]
[GameId "2160767909373136"]
[EventDate "2013.03.09"]
[EventType "swiss"]
[EventRounds "5"]
[EventCountry "CAN"]
[SourceTitle "EXT 2015"]
[Source "ChessBase"]
[SourceDate "2014.11.20"]
[SourceVersion "1"]
[SourceVersionDate "2014.11.20"]
[SourceQuality "1"]

1. Nc3 c5 2. e4 e6 3. Nf3 a6 4. g3 b5 5. Bg2 Bb7 6. d3 d6 7. O-O Be7 8. a4 b4 9. Ne2 Nf6 10. Nd2 Nc6 11. Nc4 a5 12. d4 cxd4 13. Nxd4 Nxd4 14. Qxd4 O-O 15. Rd1 Rc8 16. Nxd6 Bxd6 17. Qxd6 Qxd6 18. Rxd6 Bxe4 19. Ra6 Rxc2 20. Rxa5 Bxg2 21. Kxg2 Ng4 22. Kg1 Nxf2 23. Be3 Ng4 24. Bc5 Rc8 25. Bxb4 Rxb2 26. Bc3 Rc2 0-1